000 01019njm a22002537a 4500
005 20100901100321.0
007 sd ammalaaahaa
008 100901t xxu||||| |||| 00| 0 hin d
028 _aN. 92562
_bHis Master's Voice
028 _aOJW. 2858
_bHis Master's Voice
028 _aOJW. 2857
_bHis Master's Voice
035 _aGR-92562
040 _aSED/VEN
100 _aUstad Ali Akbar Khan
_917815
245 _aSarod gat-rag mauj khamas Part 1 /
_cby Ustad Ali Akbar Khan
_h[sound recording] :
246 _aसरोद गत-राग मौज खमस पार्ट १
260 _aDum Dum, India
_bHis Master's Voice
300 _a1 sound disc :
_banalog, 33 1/3 rpm
_c10 in.
500 _aBrief record
505 _aSarod gat-rag jonpuri (सरोद गत -राग जोंपुरी ) पार्ट २
650 _aClassical music
_xExcerpts
_zIndia
_917813
942 _2ddc
_cGR
999 _c43284
_d43284